| 000 | 00000nam 2200000za 4500 |
| 001 | 9.816876 |
| 003 | CaOODSP |
| 005 | 20221107142340 |
| 007 | cr ||||||||||| |
| 008 | 160504s2016||||picao|||o f000 0 fre d |
| 020 | |z0-662-69633-6 |
| 040 | |aCaOODSP|bfre |
| 043 | |an-cn--- |
| 086 | 1 |aV32-305/2016F-PDF|zV32-31/2016 |
| 245 | 13|aLe Canada se souvient-- le Newfoundland Regiment et la bataille de Beaumont-Hamel |h[ressource électronique]. |
| 246 | 30|aNewfoundland Regiment et la bataille de Beaumont-Hamel |
| 260 | |a[Charlottetown, Ile du Prince-Édouard] : |bAnciens Combattants Canada, |c2016. |
| 300 | |a3 p.: |bill. |
| 500 | |aLe n° de catalogue (V32-31/2006) et l’ISBN (0-662-69633-6) copiés dans cette édition électronique sont incorrects. |
| 500 | |aPublié aussi en anglais sous le titre : Canada remembers-- the Newfoundland Regiment and the Battle of Beaumont-Hamel. |
| 692 | 07|2gccst|aGuerre mondiale, 1914-1918 |
| 710 | 1 |aCanada. |bAnciens combattants Canada. |
| 775 | 08|tCanada remembers-- the Newfoundland Regiment and the Battle of Beaumont-Hamel |w(CaOODSP)9.816871 |
| 856 | 40|ahttp://publications.gc.ca|qPDF|s450 Ko|uhttps://publications.gc.ca/collections/collection_2016/acc-vac/V32-305-2016-fra.pdf |